000 00426cam a2200157ua 4500
041 _aeng
_h
082 _a005.133
_bKHA/CO
100 _aKhan, Emdad H .
245 _aComputer and data processing with BASIC /
_cEmdad H Khan.
_hTextual Documents
260 _aNew Delhi :
_bOxford & IBH Publishing company ,
_c1987.
300 _a544 ; .
504 _a
700 1 _aSharma, Anil K .
942 _cBK
999 _c9703
_d9703